| 000 | 00731nam a22002057a 4500 | ||
|---|---|---|---|
| 003 | OSt | ||
| 005 | 20260612151908.0 | ||
| 008 | 260612b |||||||| ||9| 00| 0 eng d | ||
| 020 | _a9781606230213 | ||
| 040 | _cChuka University Library | ||
| 050 | _aLB 3013.32 .S8 2009 | ||
| 100 |
_aSwearer, Susan M. _929029 |
||
| 245 | _aBullying Prevention and Intervention: Realistic strategies for Schools | ||
| 260 |
_aNew York _bThe Guilford Press _c2009 |
||
| 300 |
_aVarious Paging _bIllustrations |
||
| 650 |
_aBullying in school-United States-Prevention _929030 |
||
| 650 |
_aBullying in Schools-United States-Psychological aspect _929031 |
||
| 700 |
_aDorothy L. Espelage , Scott A. Napolitano _929032 |
||
| 942 |
_2lcc _cBK _n0 |
||
| 999 |
_c24200 _d24200 |
||